000 00793nam a22002057a 4500
999 _c12729
_d12729
003 AR-CdUCM
008 190410b ||||| |||| 00| 0 spa d
040 _aMUNICIPALIDAD PROVINCIAL DEL CUSCO
_cBIBLIOTECA MUNICIPAL DEL CUSCO
082 _a869.508 /
_bAN62 / 1958
245 _aAntología de la poesía arequipeña /
300 _a101 páginas ;
_c17 cm.
440 _aPrimer Festival del Libro Arequipeño.
_930746
505 _aContenido: A.F. Quiroz, T. Fernández, J.M. Carpenter, J.M. Llosa, M.B. Soto, E. Zegarra Ballón, F. Mostajo, C.A Rodríguez, P. Gibson, B. Calle, y otros.
650 _aPoesía peruana
_9806
650 _aColecciones
_9607
650 _aSiglo XX
_98
700 _aBermejo, Vladimiro (selección)
_930747
942 _2ddc
_cLIBROS
945 _aachl
_d2019-04-10